| 000 | 00894nam0a22002651 4500 | ||
|---|---|---|---|
| 001 | rc\3193482 | ||
| 005 | 20250530100634.0 | ||
| 021 |
_aRU _b[76-104680] |
||
| 035 | _a(NLR Aleph) 007352182 | ||
| 090 |
_a6220551 _c6220551 |
||
| 100 | _a20120628d1976 |||y0rusy50 ca | ||
| 101 | 0 | _arus | |
| 102 | _aRU | ||
| 105 | _ay z ||||| | ||
| 200 | 1 |
_aСодержание и формы коммунистического воспитания трудящихся _fА.И. Гужавин, канд. ист. наук |
|
| 210 |
_aМосква _cЗнание _d1976 |
||
| 215 |
_a64 с. _d20 |
||
| 225 | 1 | _aВ помощь лектору | |
| 606 |
_aКоммунистическое воспитание _2psbo |
||
| 700 | 1 |
_aГужавин _bА.И. _gАнатолий Иванович |
|
| 801 | 0 |
_aRU _bNLR _gpsbo |
|
| 801 | 1 |
_aRU _bELAR _2rusmarc |
|
| 852 |
_aNLR _j77-4/10095 |
||
| 942 | _cBOOK | ||
| 980 | _aNB | ||